000 00543cam a22001812 4500
001 0000003660
005 20151217151928.0
008 070511s xx 000 0 eng d
040 _aKABU
_cKABU
050 0 _aLC508
_b.K4K46
110 2 _aKenya Episcopal Conference Catholic Secretariat 2000.
_@0000153724
245 1 0 _aPolicy document for catholic education in Kenya. :
260 _aNairobi :
_bPauline Publications,
_c2000.
300 _a40 p.
908 _a070511
950 _@1
999 _c6438
_d6438